000 00350nam a2200145Ia 4500
008 230312s9999||||xx |||||||||||||| ||und||
020 _a0-74-370-20-1
082 _a720.19
_bHAR-I
100 _aHaro;Fernando D
245 0 _a100Tips.Ideas
260 _bEditores
_aChina
_c2009
300 _a134
650 _aArchitecture
_vArt & Design
942 _cBK
999 _c11764
_d11764